000 00600nam a2200169 a 4500
001 000035048
005 20200930074053.0
008 111024s1955 ag ac 000 0 spa d
040 _aDO-SdBNP
_bspa
_cBNPHU
082 _axxx
_bW337c
100 1 _aWatson, J. B.
_960683
245 1 3 _aEl conductismo :
_bLa batalla del conductismo /
_cJ. B. Watson ; prólogo Emilio Mira y López.
260 _aArgentina :
_bPaidos,
_c1955.
300 _a326 p. :
_bil., retr. ;
_c21 cm.
590 _aPerteneció a la biblioteca personal de Juan Isidro Jimenes Grullón.
700 1 _aMira y López, Emilio
_epról.
_960684
999 _c34539
_d34539